[Event "POL-chT 2nd League"]
[Site "Jastrzebia Gora"]
[Date "2023.09.03"]
[Round "2.120"]
[White "Trybowska, Barbara"]
[Black "Barwinska, Ewa"]
[Result "1-0"]
[WhiteElo "1836"]
[BlackElo "2030"]
[PlyCount "132"]
[EventDate "2023.09.02"]
[EventType "team-swiss"]
[EventRounds "9"]
[EventCountry "POL"]
[SourceTitle "EXT 2024"]
[Source "ChessBase"]
[SourceDate "2023.10.10"]
[SourceVersion "1"]
[SourceVersionDate "2023.10.10"]
[SourceQuality "1"]
[WhiteTeam "Rzeszow Szachownica"]
[BlackTeam "Kalisz KTS"]
[WhiteTeamCountry "POL"]
[BlackTeamCountry "POL"]

1. e4 c5 2. c3 Nf6 3. e5 Nd5 4. d4 cxd4 5. cxd4 Nc6 6. Bc4 Nb6 7. Bb3 d6 8. e6 fxe6 9. Nf3 d5 10. Bf4 g6 11. h4 Bg7 12. h5 Nxd4 13. Nxd4 e5 14. hxg6 h6 15. Bxe5 Bxe5 16. Qh5 Bg7 17. Nc3 e6 18. Qf3 Qf6 19. Qxf6 Bxf6 20. Ndb5 Ke7 21. 0-0-0 a6 22. Nd4 e5 23. Rhe1 Bg5+ 24. Kb1 Kf6 25. Nf3 Bf5+ 26. Bc2 Bxc2+ 27. Kxc2 e4 28. Nxg5 hxg5 29. Nxd5+ Nxd5 30. Rxd5 Rac8+ 31. Kb3 Rhe8 32. Rd4 Kf5 33. g7 Re7 34. Re3 Rg8 35. f3 Rgxg7 36. Rdxe4 Rxe4 37. Rxe4 Rd7 38. g4+ Kf6 39. Kc3 Rd1 40. a3 Rc1+ 41. Kb4 Rd1 42. Re3 Rd2 43. b3 b6 44. Kc4 Rd1 45. a4 Rd2 46. Rd3 Rc2+ 47. Kd5 b5 48. Re3 b4 49. Re6+ Kf7 50. Rxa6 Rc3 51. Rb6 Rxb3 52. Kc4 Rxf3 53. Rxb4 Ke6 54. Kb5 Kd6 55. a5 Kc7 56. Rc4+ Kb7 57. Rc5 Rb3+ 58. Kc4 Rg3 59. Rxg5 Ka6 60. Kd4 Rg1 61. Ke3 Ra1 62. Rf5 Rg1 63. g5 Rg4 64. Kf3 Rg1 65. Kf4 Rg2 66. Re5 Rg1 1-0

[Event "Wroclaw Anderssen Memorial op-B"]
[Site "Wroclaw"]
[Date "2023.??.??"]
[Round "5"]
[White "Bednarczyk, Mateusz"]
[Black "Trybowska, Barbara"]
[Result "1-0"]
[WhiteElo "1700"]
[BlackElo "1875"]
[PlyCount "51"]
[EventDate "2023.08.06"]
[EventType "swiss"]
[EventRounds "9"]
[EventCountry "POL"]
[SourceTitle "EXT 2024"]
[Source "ChessBase"]
[SourceDate "2023.10.10"]
[SourceVersion "1"]
[SourceVersionDate "2023.10.10"]
[SourceQuality "1"]

1. e4 c5 2. Nf3 d6 3. d4 cxd4 4. Nxd4 Nf6 5. Nc3 g6 6. Be3 a6 7. f3 Bg7 8. Qd2 h5 9. h4 Nc6 10. 0-0-0 Bd7 11. Be2 b5 12. Nd5 Nxd5 13. exd5 Ne5 14. f4 Ng4 15. Bxg4 hxg4 16. f5 gxf5 17. h5 e5 18. dxe6 fxe6 19. Nxf5 exf5 20. Qxd6 Qe7 21. Qg6+ Kf8 22. Bc5 Qxc5 23. Rxd7 Bh6+ 24. Kb1 Qc4 25. b3 Qg8 26. Qxf5+ 1-0

[Event "Poznan op 28th"]
[Site "Poznan"]
[Date "2021.08.17"]
[Round "4"]
[White "Trybowska, Barbara"]
[Black "Jagodzinski, Olaf"]
[Result "1-0"]
[WhiteElo "1807"]
[BlackElo "1519"]
[PlyCount "49"]
[EventDate "2021.08.15"]
[EventType "swiss"]
[EventRounds "9"]
[EventCountry "POL"]
[SourceTitle "CBM 203 Extra"]
[Source "ChessBase"]
[SourceDate "2021.09.30"]
[SourceVersion "1"]
[SourceVersionDate "2021.09.30"]
[SourceQuality "1"]

1. d4 Nf6 2. Bf4 e6 3. e3 d5 4. Nd2 Bd6 5. Bg3 0-0 6. Bd3 c5 7. c3 Nc6 8. Ngf3 b6 9. e4 dxe4 10. Nxe4 Nxe4 11. Bxe4 Bb7 12. dxc5 Bxc5 13. Qa4 Qc8 14. Bxh7+ Kxh7 15. Qh4+ Kg8 16. Ng5 Re8 17. Qh7+ Kf8 18. Qh8+ Ke7 19. Qxg7 Rf8 20. Nh7 Qe8 21. Rd1 Nd4 22. Qf6+ Kd7 23. Rxd4+ Bxd4 24. Qxd4+ Kc8 25. Qd6 1-0

[Event "Poznan op 28th"]
[Site "Poznan"]
[Date "2021.08.16"]
[Round "3"]
[White "Raczynski, Krzysztof"]
[Black "Trybowska, Barbara"]
[Result "1-0"]
[WhiteElo "2212"]
[BlackElo "1807"]
[PlyCount "91"]
[EventDate "2021.08.15"]
[EventType "swiss"]
[EventRounds "9"]
[EventCountry "POL"]
[SourceTitle "CBM 203 Extra"]
[Source "ChessBase"]
[SourceDate "2021.09.30"]
[SourceVersion "1"]
[SourceVersionDate "2021.09.30"]
[SourceQuality "1"]

1. e4 e6 2. d3 d5 3. Nd2 c5 4. Ngf3 Nc6 5. g3 g6 6. Bg2 Bg7 7. 0-0 Nge7 8. Re1 b6 9. c3 Bb7 10. h4 h6 11. a3 a5 12. a4 Ba6 13. exd5 exd5 14. Nb3 0-0 15. Bf4 Ra7 16. d4 c4 17. Nbd2 Nf5 18. Ne5 Nxe5 19. Bxe5 f6 20. Bf4 g5 21. hxg5 fxg5 22. Be5 Re7 23. Bxg7 Kxg7 24. Nf3 Bb7 25. Ne5 Qd6 26. Qc2 h5 27. Rab1 Qf6 28. Re2 h4 29. Ng4 Qg6 30. Rxe7+ Nxe7 31. Qxg6+ Nxg6 32. b3 Rc8 33. Ne3 hxg3 34. fxg3 cxb3 35. Rxb3 Ne7 36. Rxb6 Rxc3 37. Rxb7 Rxe3 38. Kf2 Re6 39. Bxd5 Rf6+ 40. Ke3 Kf8 41. Be4 Rf1 42. Rb5 Re1+ 43. Kf3 g4+ 44. Kf4 Nc8 45. Rb8 Rc1 46. Bf5 1-0

[Event "Lezajsk Merlin-B 1st"]
[Site "Lezajsk"]
[Date "2021.08.10"]
[Round "9"]
[White "Trybowska, Barbara"]
[Black "Jakubowska, Urszula"]
[Result "1-0"]
[WhiteElo "1807"]
[BlackElo "1375"]
[PlyCount "29"]
[EventDate "2021.08.04"]
[EventType "tourn"]
[EventRounds "9"]
[EventCountry "POL"]
[SourceTitle "EXT 2023"]
[Source "ChessBase"]
[SourceDate "2022.10.05"]
[SourceVersion "1"]
[SourceVersionDate "2022.10.05"]
[SourceQuality "1"]

1. e4 c6 2. Nf3 d5 3. exd5 cxd5 4. Ne5 Nf6 5. d4 a6 6. c3 Bf5 7. g4 Bg6 8. h4 e6 9. Nd2 h6 10. Nxg6 fxg6 11. Bd3 Be7 12. Bxg6+ Kd7 13. Nb3 b6 14. Bf4 Kc8 15. Qe2 1-0

[Event "Lezajsk Merlin-B 1st"]
[Site "Lezajsk"]
[Date "2021.08.08"]
[Round "6"]
[White "Socha, Krzysztof1111"]
[Black "Trybowska, Barbara"]
[Result "1/2-1/2"]
[WhiteElo "1633"]
[BlackElo "1807"]
[PlyCount "35"]
[EventDate "2021.08.04"]
[EventType "tourn"]
[EventRounds "9"]
[EventCountry "POL"]
[SourceTitle "EXT 2023"]
[Source "ChessBase"]
[SourceDate "2022.10.05"]
[SourceVersion "1"]
[SourceVersionDate "2022.10.05"]
[SourceQuality "1"]

1. e4 c5 2. Nf3 d6 3. Bb5+ Nd7 4. c3 Ngf6 5. Qe2 a6 6. Ba4 b5 7. Bc2 Bb7 8. 0-0 e6 9. d3 Be7 10. h3 Qc7 11. Bf4 h6 12. Bh2 g5 13. Ne1 e5 14. a4 0-0 15. Na3 Qc6 16. Nf3 Kh8 17. Rfe1 Rac8 18. axb5 1/2-1/2

[Event "Lezajsk Merlin-B 1st"]
[Site "Lezajsk"]
[Date "2021.08.06"]
[Round "3"]
[White "Trybowska, Barbara"]
[Black "Owoc, Jakub"]
[Result "1-0"]
[WhiteElo "1807"]
[BlackElo "1768"]
[PlyCount "41"]
[EventDate "2021.08.04"]
[EventType "tourn"]
[EventRounds "9"]
[EventCountry "POL"]
[SourceTitle "EXT 2023"]
[Source "ChessBase"]
[SourceDate "2022.10.05"]
[SourceVersion "1"]
[SourceVersionDate "2022.10.05"]
[SourceQuality "1"]

1. d4 Nf6 2. Bf4 d5 3. e3 c5 4. c3 Nc6 5. Nd2 Bf5 6. Ngf3 Qb6 7. Nh4 Bd7 8. Qb3 c4 9. Qc2 h6 10. Nhf3 g6 11. e4 g5 12. exd5 Nb4 13. cxb4 gxf4 14. Bxc4 Qxb4 15. 0-0 Rc8 16. Qd3 b5 17. Bb3 Bg7 18. Ne5 0-0 19. a3 Qd6 20. Ne4 Qb6 21. Nxf6+ 1-0

[Event "Lezajsk Merlin-B 1st"]
[Site "Lezajsk"]
[Date "2021.08.05"]
[Round "2"]
[White "Tokarz, Izabela"]
[Black "Trybowska, Barbara"]
[Result "1/2-1/2"]
[WhiteElo "1748"]
[BlackElo "1807"]
[PlyCount "182"]
[EventDate "2021.08.04"]
[EventType "tourn"]
[EventRounds "9"]
[EventCountry "POL"]
[SourceTitle "EXT 2023"]
[Source "ChessBase"]
[SourceDate "2022.10.05"]
[SourceVersion "1"]
[SourceVersionDate "2022.10.05"]
[SourceQuality "1"]

1. d4 Nf6 2. c4 e6 3. Nc3 Bb4 4. e3 c5 5. Bd3 b6 6. Nge2 Bb7 7. f3 d5 8. a3 Bxc3+ 9. bxc3 Nbd7 10. 0-0 Rc8 11. cxd5 exd5 12. Ng3 0-0 13. Nf5 Nb8 14. Qe1 g6 15. Qg3 Kh8 16. Nh6 Ng8 17. Nxg8 Kxg8 18. Bb2 Qe7 19. Rae1 f5 20. h4 c4 21. Bc2 Nd7 22. h5 Kg7 23. Kf2 g5 24. Rh1 h6 25. Qh3 Qf7 26. Ke2 Rce8 27. Kd1 Bc8 28. a4 Qf6 29. Ba3 Rf7 30. Qh2 Qc6 31. Rhf1 Nf6 32. Kd2 Qe6 33. Rh1 Kh8 34. Qg3 Rg7 35. Qh2 g4 36. Qf4 Rg5 37. Bd6 Nxh5 38. Qe5+ Kg8 39. Qxe6+ Rxe6 40. f4 Ng3 41. fxg5 Rxd6 42. Rxh6 Rxh6 43. gxh6 Kh7 44. Rb1 Bd7 45. Ke1 Kxh6 46. Kf2 Nh5 47. g3 Kg5 48. Kg2 Nf6 49. Rf1 Nh5 50. Kf2 Be8 51. Rg1 Nf6 52. Ke2 Bd7 53. Kd2 Nh5 54. Kc1 Kf6 55. Kb2 Ke6 56. Ka3 Kd6 57. Kb4 Kc6 58. Rg2 Bc8 59. Bb1 Bd7 60. a5 b5 61. Bc2 a6 62. Ka3 Kd6 63. Kb2 Ke6 64. Kc1 Bc8 65. Kd2 Bd7 66. Ke2 Be8 67. Kf2 Kf6 68. Rg1 Bd7 69. Kg2 Kg5 70. Rh1 Be8 71. Bd1 Bd7 72. Be2 Be8 73. Kf2 Bd7 74. Bf1 Be8 75. Bg2 Bf7 76. Rg1 Kf6 77. Bh1 Be6 78. Rg2 Kf7 79. Rg1 Kf6 80. Ke2 Bf7 81. Kd2 Ke6 82. Bg2 Kf6 83. Bf1 Ke6 84. Kc2 Kf6 85. Kd2 Kg6 86. Be2 Kf6 87. Bd1 Ke6 88. Kc2 Kd6 89. Kb2 Be6 90. Ka3 Bd7 91. Kb4 Bc8 1/2-1/2

[Event "POL-ch Academic (Women)"]
[Site "Katowice"]
[Date "2020.11.14"]
[Round "7"]
[White "Rudnik, Anna"]
[Black "Trybowska, Barbara"]
[Result "1-0"]
[WhiteElo "1799"]
[BlackElo "1793"]
[PlyCount "73"]
[EventDate "2020.11.13"]
[EventType "swiss (rapid)"]
[EventRounds "9"]
[EventCountry "POL"]
[SourceTitle "CBM 199 Extra"]
[Source "ChessBase"]
[SourceDate "2021.01.31"]
[SourceVersion "1"]
[SourceVersionDate "2021.01.31"]
[SourceQuality "1"]

1. e4 c5 2. Nf3 d6 3. d4 cxd4 4. Nxd4 Nf6 5. Nc3 a6 6. a4 e5 7. Nf3 Be7 8. Bg5 0-0 9. Bxf6 Bxf6 10. Nd5 Nc6 11. c3 Bg4 12. h3 Bh5 13. Be2 Bg6 14. Qc2 Be7 15. Bd3 Re8 16. 0-0 Bf8 17. Rad1 Ne7 18. Bc4 Kh8 19. Rfe1 Rc8 20. Ba2 Nxd5 21. Bxd5 Qe7 22. Qb3 Rc7 23. g3 h6 24. Nh4 Bh7 25. Re3 g5 26. Ng2 Rb8 27. Rf3 f6 28. Qb6 h5 29. Ne3 Rbc8 30. g4 h4 31. Nc2 Kg7 32. Nb4 Qd8 33. Re1 Be7 34. Be6 Rb8 35. Nd5 Rc5 36. Qa7 Ra8 37. Qxb7 1-0

[Event "POL-ch Academic (Women)"]
[Site "Katowice"]
[Date "2020.11.13"]
[Round "3"]
[White "Parol, Pola"]
[Black "Trybowska, Barbara"]
[Result "1/2-1/2"]
[WhiteElo "2069"]
[BlackElo "1793"]
[PlyCount "178"]
[EventDate "2020.11.13"]
[EventType "swiss (rapid)"]
[EventRounds "9"]
[EventCountry "POL"]
[SourceTitle "CBM 199 Extra"]
[Source "ChessBase"]
[SourceDate "2021.01.31"]
[SourceVersion "1"]
[SourceVersionDate "2021.01.31"]
[SourceQuality "1"]

1. e4 c5 2. Nf3 d6 3. d4 cxd4 4. Nxd4 Nf6 5. Nc3 a6 6. Nb3 e5 7. Bg5 Be6 8. Bxf6 Qxf6 9. Qd3 Nc6 10. Nd5 Bxd5 11. exd5 Nd8 12. Be2 g6 13. 0-0 Bg7 14. c3 0-0 15. Nd2 Qe7 16. Kh1 f5 17. Rac1 Rc8 18. c4 Bh6 19. Rc2 Nf7 20. f3 Qh4 21. g3 Qe7 22. Kg2 Rfe8 23. Re1 Qg5 24. Bf1 Qh5 25. Be2 Qg5 26. Bf1 Qh5 27. Be2 Qg5 28. Bf1 Qh5 29. Qb3 Rc7 30. Qb6 Ree7 31. Be2 Qg5 32. Nf1 e4 33. f4 Qf6 34. Ne3 g5 35. fxg5 Qxg5 36. Nf1 f4 37. Bd1 f3+ 38. Kh1 Qg6 39. c5 dxc5 40. Qxg6+ hxg6 41. Nd2 f2 42. Rf1 e3 43. Nf3 Red7 44. Be2 Rxd5 45. Bc4 Rf5 46. Kg2 Kg7 47. Nh4 Re5 48. Nf3 Re4 49. Bd3 Ree7 50. Re2 c4 51. Bb1 g5 52. Nd4 Kf6 53. Nf5 Re5 54. Rxe3 Rxe3 55. Nxe3 Ke5 56. Ng4+ Kd4 57. Rxf2 Bf8 58. Rd2+ Kc5 59. Be4 Re7 60. Bf3 Bg7 61. Rd5+ Kb4 62. Rd2 Ne5 63. Nxe5 Bxe5 64. Kf2 b5 65. Bd1 Rf7+ 66. Kg2 c3 67. bxc3+ Bxc3 68. Rd5 Rg7 69. Bb3 a5 70. Rd3 a4 71. Bd1 Re7 72. Rd5 Re1 73. Bf3 Ra1 74. Rxg5 Rxa2+ 75. Kh3 a3 76. Bd5 Rd2 77. Rg4+ Kc5 78. Bf7 b4 79. Rg5+ Kd4 80. Rd5+ Ke3 81. Rb5 Rd4 82. Ra5 Kd3 83. g4 Be1 84. g5 Ke2 85. Kg2 Rg4+ 86. Kh3 Rh4+ 87. Kg2 Rg4+ 88. Kh3 Rh4+ 89. Kg2 Rg4+ 1/2-1/2

[Event "POL-chT 2nd League"]
[Site "Poronin"]
[Date "2020.09.09"]
[Round "5.5"]
[White "Krzywnicka, Maria"]
[Black "Trybowska, Barbara"]
[Result "0-1"]
[WhiteElo "1867"]
[BlackElo "1773"]
[PlyCount "104"]
[EventDate "2020.09.05"]
[EventType "team-swiss"]
[EventRounds "9"]
[EventCountry "POL"]
[SourceTitle "CBM 198 Extra"]
[Source "ChessBase"]
[SourceDate "2020.11.30"]
[SourceVersion "1"]
[SourceVersionDate "2020.11.30"]
[SourceQuality "1"]
[WhiteTeam "Koszalin Hetman Politechnika"]
[BlackTeam "Sedziszow Spoldzielczy"]
[WhiteTeamCountry "POL"]
[BlackTeamCountry "POL"]

1. e4 c5 2. d3 e6 3. g3 d5 4. Nd2 Nc6 5. Bg2 g6 6. Ngf3 Bg7 7. 0-0 Nge7 8. Re1 b6 9. c3 Bb7 10. e5 Qc7 11. Qe2 g5 12. Nxg5 Qxe5 13. Ndf3 Qxe2 14. Rxe2 h6 15. Nh3 e5 16. Ne1 0-0-0 17. f3 Ba6 18. Nf2 f5 19. Rc2 Rhf8 20. Bd2 Kb8 21. Rb1 Rd7 22. a3 c4 23. b4 Bb5 24. Bf1 Rfd8 25. Rcc1 Ng6 26. Bh3 Rf7 27. Rb2 Re8 28. Bf1 cxd3 29. Bxd3 Bc4 30. Bxc4 dxc4 31. Ng2 Rd7 32. Ne3 e4 33. fxe4 fxe4 34. Nxc4 b5 35. Ne3 Nce5 36. Kg2 Nf3 37. Be1 Nxe1+ 38. Rxe1 Bxc3 39. Ree2 Bxb2 40. Rxb2 Ne5 41. Rc2 Nc4 42. Nfg4 Nxe3+ 43. Nxe3 Rd3 44. Kf2 Rxa3 45. Rc5 a6 46. Rc6 Rf8+ 47. Ke2 Ra2+ 48. Nc2 Rc8 49. Rxc8+ Kxc8 50. Kd1 Kd7 51. Kc1 a5 52. Kb1 Rxc2 0-1

[Event "POL-chT 2nd League"]
[Site "Jastrzebia Gora"]
[Date "2019.09.13"]
[Round "7.4"]
[White "Kubicka, Anna"]
[Black "Trybowska, Barbara"]
[Result "1-0"]
[WhiteElo "2225"]
[BlackElo "1689"]
[PlyCount "109"]
[EventDate "2019.09.07"]
[EventType "team-swiss"]
[EventRounds "9"]
[EventCountry "POL"]
[SourceTitle "EXT 2020"]
[Source "ChessBase"]
[SourceDate "2019.10.17"]
[SourceVersion "1"]
[SourceVersionDate "2019.10.17"]
[SourceQuality "1"]
[WhiteTeam "Dabrowa Gornicza Zaglebie"]
[BlackTeam "Sedziszow Malopolski"]
[WhiteTeamCountry "POL"]
[BlackTeamCountry "POL"]

1. e4 c5 2. Ne2 Nc6 3. Nbc3 e6 4. g3 d5 5. Bg2 Nf6 6. 0-0 d4 7. Nb1 e5 8. d3 Bd6 9. Nd2 h5 10. Nc4 b5 11. Nxd6+ Qxd6 12. h3 h4 13. g4 Bd7 14. Kh1 Nh7 15. f4 f6 16. a4 b4 17. c3 g5 18. fxg5 Nxg5 19. cxd4 cxd4 20. a5 Rb8 21. Qb3 Qe7 22. Bxg5 fxg5 23. Ng1 Be6 24. Qa4 Bd7 25. Qd1 Rf8 26. Qd2 Nd8 27. Rf5 Bxf5 28. exf5 Rc8 29. Nf3 Nf7 30. Re1 Qd6 31. f6 b3 32. a6 Kd7 33. Qa5 Rc6 34. Qa4 Rfc8 35. Qxb3 Qxf6 36. Qd5+ Rd6 37. Qb5+ Kd8 38. Qa5+ Kd7 39. Rf1 Qe6 40. Nd2 Rxa6 41. Qb5+ Kd8 42. Bd5 Nd6 43. Bxe6 Nxb5 44. Rf8+ Ke7 45. Bxc8 Rc6 46. Rf5 Rxc8 47. Rxe5+ Kd6 48. Re2 Kd5 49. Nf3 Rc1+ 50. Kg2 Rd1 51. Re5+ Kc6 52. Rxg5 Rb1 53. Ne5+ Kc5 54. Nc4+ Kb4 55. Rxb5+ 1-0

[Event "POL-chT 2nd League"]
[Site "Jastrzebia Gora"]
[Date "2019.09.12"]
[Round "6.2"]
[White "Trybowska, Barbara"]
[Black "Starosta, Martyna"]
[Result "0-1"]
[WhiteElo "1689"]
[BlackElo "1814"]
[PlyCount "88"]
[EventDate "2019.09.07"]
[EventType "team-swiss"]
[EventRounds "9"]
[EventCountry "POL"]
[SourceTitle "EXT 2020"]
[Source "ChessBase"]
[SourceDate "2019.10.17"]
[SourceVersion "1"]
[SourceVersionDate "2019.10.17"]
[SourceQuality "1"]
[WhiteTeam "Sedziszow Malopolski"]
[BlackTeam "Rodlo Opole"]
[WhiteTeamCountry "POL"]
[BlackTeamCountry "POL"]

1. e4 e5 2. Nf3 Nc6 3. Bb5 g6 4. c3 d6 5. d4 Bd7 6. 0-0 Bg7 7. Re1 a6 8. Ba4 Nge7 9. Be3 0-0 10. Nbd2 f5 11. exf5 gxf5 12. dxe5 dxe5 13. Bc5 e4 14. Ng5 Ne5 15. Bb3+ Kh8 16. Nc4 N7g6 17. Qh5 h6 18. Nxe5 Nxe5 19. Bxf8 Qxg5 20. Qxg5 hxg5 21. Bxg7+ Kxg7 22. Rad1 Kf6 23. f3 Bc6 24. fxe4 Bxe4 25. Bd5 Nd3 26. Bxe4 Nxe1 27. Rxe1 Re8 28. Kf2 Rxe4 29. Rxe4 fxe4 30. Ke3 Ke5 31. g3 g4 32. a3 c6 33. a4 b5 34. a5 c5 35. b3 Kd5 36. Kd2 b4 37. cxb4 cxb4 38. Ke3 Ke5 39. Ke2 Kd4 40. Kd2 e3+ 41. Ke2 Ke4 42. Ke1 Kd3 43. Kd1 e2+ 44. Ke1 Ke3 0-1

[Event "POL-chT U20 2nd League"]
[Site "Szczyrk"]
[Date "2017.07.24"]
[Round "4.70"]
[White "Bakalarczyk, Zuzanna"]
[Black "Trybowska, Barbara"]
[Result "1/2-1/2"]
[WhiteElo "1363"]
[BlackElo "1797"]
[PlyCount "88"]
[EventDate "2017.07.22"]
[EventType "team-swiss"]
[EventRounds "11"]
[EventCountry "POL"]
[SourceTitle "EXT 2019"]
[Source "ChessBase"]
[SourceDate "2018.10.10"]
[SourceVersion "1"]
[SourceVersionDate "2018.10.10"]
[SourceQuality "1"]

1. e4 e5 2. d4 exd4 3. Nf3 Nc6 4. Nxd4 Qh4 5. Nc3 Bb4 6. Ndb5 Ba5 7. Bd3 a6 8. Na3 Bxc3+ 9. bxc3 d6 10. Be3 Nge7 11. 0-0 Ne5 12. Qd2 h6 13. Rab1 N7g6 14. f4 Ng4 15. h3 Nxe3 16. Qxe3 Qe7 17. Nc4 b5 18. Nd2 c5 19. c4 b4 20. Rbe1 Bb7 21. e5 0-0-0 22. Bxg6 fxg6 23. Ne4 Rhe8 24. Rd1 dxe5 25. fxe5 Qxe5 26. Qxc5+ Qxc5+ 27. Nxc5 Rxd1 28. Rxd1 Re2 29. Nxb7 Kxb7 30. Rb1 a5 31. a3 Rxc2 32. axb4 Rxc4 33. bxa5+ Ka6 34. Rb6+ Kxa5 35. Rxg6 Rc7 36. Kf2 Kb5 37. Re6 Kc5 38. g4 Kd5 39. Re3 Kd4 40. Rf3 Ke4 41. Rf5 Rc6 42. Rf8 Rc2+ 43. Kg3 Rc3+ 44. Kg2 Rc2+ 1/2-1/2